banner-ar

النادى / (Record no. 8822)

MARC details
000 -الفاتح
حقل البيانات ثابتة الطول 00659nam a2200217Ia 4500
008 - عناصر البيانات ثابتة الطول - معلومات عامة
حقل البيانات ثابتة الطول 140319s9999 xx 000 0 ara d
020 ## - الرقم الدولى المعيارى للكتب
الرقم الدولى المعيارى للكتاب 8195345977
040 ## - مصدر الفهرسة
وكالة الفهرسة الأصلية GCL /
وكالة النسخ GCL
082 04 - رقم تصنيف ديوى العشرى
رقم التصنيف ط
رقم المادة 372.52
-- ق ن
100 1# - المدخل الرئيسى - إسم شخصى
الإسم الشخصى داليا عبدالناصر
245 10 - بيان العنوان
العنوان النادى /
بيان المسئوليه,etc داليا عبدالناصر
700 1# - المدخل الاضافى - اسم شخصى
الإسم الشخصى هانى لطفى
250 ## - بيان الطبعة
بيان الطبعة الثانية
300 ## - الوصف المادى
التعداد ؛
أبعاد الوعاء 22 سم
490 ## - بيان السلسلة
عنوان السلسلة هيا بنا نلون
رقم المجلد/ التعيين التسلسلي 0
650 04 - المدخل الاضافى بالموضوع-مصطلح موضوعى
مصطلح موضوعي رسوم الاطفال
650 04 - المدخل الاضافى بالموضوع-مصطلح موضوعى
مصطلح موضوعي الرسم - الطرق الفنية
942 ## - عناصر المدخل الإضافي( كوها)
مصدر التصنيف او مخطط الترفيف Dewey Decimal Classification
Koha [default] item type كتاب
260 ## - PUBLICATION, DISTRIBUTION, ETC. (IMPRINT)
-- القاهرة :
-- دار الفاروق للنشر والتوزيع
Holdings
حالة التراجع حالة الفقد حالة تلف ليس للاعارة المكان المؤقت الموقع الحالى تاريخ الاكتساب اجمالي اﻻعارات رقم الطلب الباركود تاريخ اخر مشاهدة تاريخ تفعيل السعر نوع وعاء كوها
        مكتبة القاهرة الكبرى مكتبة القاهرة الكبرى 03/26/2014   ط\372.52\ق ن 18528 03/26/2014 03/26/2014 كتاب

Powered By

EGPV